Effect of loading conditions on regimes of solid-phase transformations in a plate; Journal of Applied Mechanics and Technical Physics; Vol. 52, iss. 3
| Parent link: | Journal of Applied Mechanics and Technical Physics: Scientific Journal Vol. 52, iss. 3.— 2011.— [P. 329-339] |
|---|---|
| المؤلف الرئيسي: | |
| مؤلفون آخرون: | |
| الملخص: | Title screen A two-dimensional mathematical model of propagation of chemical conversion in a plate under mechanical loading is proposed. The problem is numerically studied for three variants of loads and displacements on the plate surfaces: clamped plate, uniaxial tension, and shear. As the fields of temperatures, concentrations, and stresses are coupled, the conversion modes under different loading conditions are found to be different. By means of a parametric study of the model, it is demonstrated that the value of internal stresses may be substantially higher than the external load. Режим доступа: по договору с организацией-держателем ресурса |
| اللغة: | الإنجليزية |
| منشور في: |
2011
|
| الموضوعات: | |
| الوصول للمادة أونلاين: | http://link.springer.com/article/10.1134/S0021894411030011 |
| التنسيق: | MixedMaterials الكتروني فصل الكتاب |
| KOHA link: | https://koha.lib.tpu.ru/cgi-bin/koha/opac-detail.pl?biblionumber=637660 |
MARC
| LEADER | 00000naa0a2200000 4500 | ||
|---|---|---|---|
| 001 | 637660 | ||
| 005 | 20250122133403.0 | ||
| 035 | |a (RuTPU)RU\TPU\network\1822 | ||
| 090 | |a 637660 | ||
| 100 | |a 20141007d2011 k||y0rusy50 ba | ||
| 101 | 0 | |a eng | |
| 102 | |a US | ||
| 135 | |a drcn ---uucaa | ||
| 181 | 0 | |a i | |
| 182 | 0 | |a b | |
| 200 | 1 | |a Effect of loading conditions on regimes of solid-phase transformations in a plate |f N. K. Evstigneev, A. G. Knyazeva | |
| 203 | |a Text |c electronic | ||
| 300 | |a Title screen | ||
| 320 | |a [References: p. 339 (13 tit.)] | ||
| 330 | |a A two-dimensional mathematical model of propagation of chemical conversion in a plate under mechanical loading is proposed. The problem is numerically studied for three variants of loads and displacements on the plate surfaces: clamped plate, uniaxial tension, and shear. As the fields of temperatures, concentrations, and stresses are coupled, the conversion modes under different loading conditions are found to be different. By means of a parametric study of the model, it is demonstrated that the value of internal stresses may be substantially higher than the external load. | ||
| 333 | |a Режим доступа: по договору с организацией-держателем ресурса | ||
| 461 | |t Journal of Applied Mechanics and Technical Physics |o Scientific Journal | ||
| 463 | |t Vol. 52, iss. 3 |v [P. 329-339] |d 2011 | ||
| 610 | 1 | |a электронный ресурс | |
| 610 | 1 | |a труды учёных ТПУ | |
| 610 | 1 | |a напряжения | |
| 610 | 1 | |a деформации | |
| 610 | 1 | |a растяжение | |
| 610 | 1 | |a сдвиг | |
| 610 | 1 | |a химические реакции | |
| 610 | 1 | |a превращение | |
| 700 | 1 | |a Evstigneev |b N. K. | |
| 701 | 1 | |a Knyazeva |b A. G. |c Russian physicist |c Professor of Tomsk Polytechnic University, doctor of physico-mathematical Sciences |f 1962- |g Anna Georgievna |3 (RuTPU)RU\TPU\pers\32712 | |
| 801 | 2 | |a RU |b 63413507 |c 20141115 |g RCR | |
| 856 | 4 | |u http://link.springer.com/article/10.1134/S0021894411030011 | |
| 942 | |c CF | ||